书目信息 |
| 题名: |
人工湿地污水处理理论与技术
|
|
| 作者: | 王世和 著 | |
| 分册: | ||
| 出版信息: | 北京 科学出版社 2007.50 |
|
| 页数: | ||
| 开本: | 16开 | |
| 丛书名: | ||
| 单 册: | ||
| 中图分类: | P941.78 | |
| 科图分类: | ||
| 主题词: | 区域地理学:自然地理学 | |
| 电子资源: | ||
| ISBN: | 978-7-03-018740-6 | |
| 000 | 00559nam0 2200181 450 | |
| 001 | 0736196517 | |
| 005 | 20070924100316.51 | |
| 010 | @a978-7-03-018740-6@d¥45.00 | |
| 100 | @a20070924d km y0chiy0120 ea | |
| 101 | 0 | @achi |
| 200 | 1 | @a人工湿地污水处理理论与技术@Aren gong shi di wu shui chu li li lun yu ji shu@f王世和 著@Fwang shi he zhu |
| 210 | @a北京@c科学出版社@d2007.50 | |
| 215 | @d16开 | |
| 606 | 0 | @a区域地理学:自然地理学 |
| 690 | @aP941.78@v3 | |
| 701 | 0 | @a王世和@Awang shi he@4著 |
| 801 | 0 | @aCN@bPFT@c20070924 |
| 905 | @a213230@dP941.78@eZY16@f1 | |
| 人工湿地污水处理理论与技术/王世和 著.-北京:科学出版社,2007.50 |
| 16开 |
| ISBN 978-7-03-018740-6:¥45.00 |
| ● |
| 相关链接 |
|
|
|
|
正题名:人工湿地污水处理理论与技术
索取号:P941.78/ZY16
 
预约/预借
| 序号 | 登录号 | 条形码 | 馆藏地/架位号 | 状态 | 备注 |
| 1 | 7902129 | 279021292 | 资源管理系资料室/ [索取号:P941.78/ZY16] | 在馆 |